|
|
|
|
| LEADER |
00000nam a22000007a 4500 |
| 005 |
2022062005435.0 |
| 007 |
cr|||| ||| |
| 008 |
220620s2021 es |||||s|||| 00||0 spa d |
| 020 |
|
|
|a 978-84-1377-890-7
|
| 035 |
|
|
|a 36109
|
| 040 |
|
|
|a vLex
|
| 090 |
|
|
|c 13438
|d 13438
|
| 100 |
1 |
|
|a Nieto Morales, Concepcin̤
|
| 245 |
1 |
0 |
|a Anl̀isis y valoracin̤ de la prueba pericial
|h [Recurso electrn̤ico] :
|b Social, educativa, psicolg̤ica y mďica. El perito judicial /
|c Concepcin̤ Nieto Morales
|
| 256 |
|
|
|a Servicio en ln̕ea
|
| 260 |
|
|
|a Madrid:
|b Dykinson,
|c 2021
|
| 300 |
|
|
|a 1 recurso electrn̤ico
|
| 500 |
|
|
|a En este trabajo participan profesionales de reconocido prestigio, profesionales especialistas en la materia que desarrollan su actividad como actividad principal en el m̀bito judicial, desde Trabajadoras sociales, psicl̤ogas, educadores, etc.; hasta Jueces y Fiscales que valoran los informes que se califican como periciales y abogados que defienden a seąlados por hechos o que son vc̕timas de actos calificados como delitos o inmersos en causas legales. Los capt̕ulos de este trabajo dan sobre el tema de la valoracin̤ pericial. Las pg̀inas que siguen, son el fruto del trabajo efectuado durante meses y aǫs de desarrollo profesional adems̀ de la preparacin̤ del trabajo. Esta publicacin̤ no tiene ms̀ pretensin̤ que constituir un punto de partida para la reflexin̤ y el debate de alumnos y profesionales implicados en un m̀bito laboral para transmitir la informacin̤ de que cualquier profesional puede ser objeto de intervencin̤ en nuestro desempeǫ profesional sin pretenderlo como perito judicial.
|
| 506 |
1 |
|
|a Disponible solo en los productos indicados
|d vLex Global
|d vLex Global (Academic Edition, excluding Law Schools)
|d vLex Global (U.S. Academic Edition, Law Schools)
|d vLex Global (U.S. Academic Edition, excluding Law Schools)
|d vLex Global (Academic Edition, Law Schools)
|
| 650 |
0 |
4 |
|a Derecho Procesal
|z Espaą
|
| 650 |
0 |
4 |
|a Trabajo social
|z Espaą
|
| 740 |
0 |
|
|a vLex Libros (Servicio en ln̕ea)
|
| 856 |
4 |
0 |
|u https://app.vlex.com/#/sources/36109
|z Acceso restringido
|
| 942 |
|
|
|c BOOK
|
| 999 |
0 |
|
|a Procedural Law
|
| 999 |
0 |
|
|a Social work
|